Milwaukee Bucks Roster 2023-24 - Statistics

General Stats
  • This quiz has been taken 53 times
  • The average score is 10 of 16
Answer Stats
Hint Answer % Correct
34 Giannis Antetokounmpo
100%
11 Brook Lopez
95%
0 Damian Lillard
95%
22 Khris Middleton
95%
9 Bobby Portis
78%
99 Jae Crowder
76%
5 Malik Beasley
76%
20 AJ Green
65%
21 Patrick Beverley
65%
43 Thanasis Antetokounmpo
65%
24 Pat Connaughton
57%
44 Andre Jackson Jr.
54%
3 MarJon Beauchamp
43%
7 Chris Livingston
27%
23 TyTy Washington Jr.
22%
12 Marques Bolden
3%
No matching quizzes found
Score Distribution
Percent of People with Each Score
Percentile by Number Answered
Your Score History
You have not taken this quiz